| 000 | 00832nam a22002057a 4500 | ||
|---|---|---|---|
| 999 |
_c196506 _d196506 |
||
| 005 | 20230717112623.0 | ||
| 010 | _aB-754643-663 CHEN 25.5.23 | ||
| 020 |
_a9788181534996 (Pt.2) _c290.00 |
||
| 035 | _aB-754643-663 | ||
| 037 | _bRainbow Books | ||
| 082 | _a030 | ||
| 245 |
_aRainbow children's concise knowledge bank / _ccompiled and edited by Aakanksha |
||
| 260 |
_aDelhi _bRainbow Books _c2018 |
||
| 270 |
_aF-32, Street No.12, Parwana Road, Jagat Puri, _bDelhi _e110051 |
||
| 300 |
_a104p. _c25cm(Hb) _bcol. ill. |
||
| 490 | _a3 Series | ||
| 700 | _aAakanksha | ||
| 942 |
_2ddc _cCH _mRAI _h030 |
||